| 000 | 01211nam a22002537a 4500 | ||
|---|---|---|---|
| 999 |
_c19416 _d19416 |
||
| 003 | AR-CdUCM | ||
| 008 | 190517b ||||| |||| 00| 0 spa d | ||
| 040 |
_aMUNICIPALIDAD PROVINCIAL DEL CUSCO _cBIBLIOTECA MUNICIPAL DEL CUSCO |
||
| 041 | _heng | ||
| 082 |
_a376.3 / _bD97 |
||
| 100 |
_aDunn, Rita _940740 |
||
| 245 | _aProcedimientos prácticos para individualizar la enseñanza / | ||
| 260 |
_aBuenos Aires : _bGuadalupe, _c1975. |
||
| 300 |
_a279 páginas ; _bilustraciones, _c24 cm. |
||
| 440 |
_aBiblioteca Pedagógica. _936504 |
||
| 505 | _aContenido: Desarrollo de un programa dinámico orientado a mejorar la enseñanza y el aprendizaje -- Cómo introducir en el aula o en la escuela un programa de enseñanza individualizada -- Los contratos como medio para asignar la responsabilidad del aprendizaje -- Cómo preparar contratos por paquetes de actividades -- Como emplear estrategias de enseñanza eficaces ... | ||
| 650 |
_aEducación individualizada _940741 |
||
| 650 |
_aPedagogía _91560 |
||
| 650 |
_aEnseñanza _91616 |
||
| 700 |
_aAlcalde, Ramón (traducción) _939802 |
||
| 710 |
_aCentro Regional de Ayuda Técnica - A.I.D. _940742 |
||
| 942 |
_2ddc _cLIBROS |
||
| 945 |
_aachl _d2019-05-17 |
||